Southeast asian affairs 1991

Saved in:
Bibliographic Details
Format: Book
Language:English
Published: Singapur Institute of Southeast Asian Studies 1991
Subjects:
Tags: Add Tag
No Tags, Be the first to tag this record!

MARC

LEADER 00000nam a2200000 a 4500
001 UCO7992
003 CL-VaPUC
008 001124e19910000si |||||||||||||||||eng|d
082 0 4 |a 327.0959  |b SOU  |2 21 
245 1 0 |a Southeast asian affairs 1991 
300 |a 320 p 
942 |c BK 
945 |d 20001124 00:00:00  |a crobeson 
260 |a Singapur  |b Institute of Southeast Asian Studies  |c 1991 
500 |a Donación del profesor Manfred Wilhelmy von Wolff 
600 0 7 |a APEC  |2 CL-VaPUC  |9 371800 
650 0 |a Relaciones Internacionales  |9 255740 
650 0 |a Países en desarrollo  |9 259663 
650 7 |a CONFLICTOS INTERNACIONALES  |2 CL-VaPUC  |9 334143 
650 0 |a Democratización  |9 316630 
650 0 |a Inversiones extranjeras  |9 255451 
651 0 |a Sudeste Asiático  |9 452797 
651 7 |a BRUNEI  |2 CL-VaPUC  |9 452798 
651 7 |a CAMBOYA  |2 CL-VaPUC  |9 350217 
651 7 |a INDONESIA  |2 CL-VaPUC  |9 322227 
651 7 |a LAOS  |2 CL-VaPUC  |9 350218 
651 7 |a MALASIA  |2 CL-VaPUC  |9 357944 
651 7 |a MYANMAR  |2 CL-VaPUC  |9 452799 
651 0 |a Filipinas  |9 258491 
651 7 |a SINGAPUR  |2 CL-VaPUC  |9 441008 
651 7 |a TAILANDIA  |2 CL-VaPUC  |9 356078 
651 7 |a VIETNAM  |2 CL-VaPUC  |9 313552 
583 |a last modification  |c 20171114 01:26:16  |k Rodrigo Vera 
999 |c 292804  |d 292802 
952 |0 0  |1 0  |4 0  |6 327_095900000000000_SOU_1991  |7 0  |8 A  |9 343877  |a BIBHIS  |b BIBHIS  |d 2019-11-20  |i 1235109  |o 327.0959 SOU 1991  |p 1235109  |r 2025-01-20  |w 2019-11-20  |y BK  |k HIS